| 000 | 00759nam a22002177a 4500 | ||
|---|---|---|---|
| 999 |
_c10446 _d10446 |
||
| 003 | AR-CdUCM | ||
| 008 | 190401b ||||| |||| 00| 0 spa d | ||
| 040 |
_aMUNICIPALIDAD PROVINCIAL DEL CUSCO _cBIBLIOTECA MUNICIPAL DEL CUSCO |
||
| 082 |
_a301.2 / _bN49 / t.2 / 1964 |
||
| 100 |
_aNewcomb, Theodore M. _927303 |
||
| 245 | _aManual de psicología social / | ||
| 260 |
_aBuenos Aires : _bUniversitaria de Buenos Aires, _c1964. |
||
| 300 |
_a789 paginas _c23 cm. |
||
| 500 | _aTitulo original : Social Psychology | ||
| 650 |
_apsicología social _94539 |
||
| 650 |
_aEstructuración de actitudes _927304 |
||
| 650 |
_aProcesos de desarrollo _927305 |
||
| 700 |
_aJosé Malfé, Ricardo Enrique (Traductor) _927306 |
||
| 942 |
_2ddc _cLIBROS |
||
| 945 | _awnts | ||